| 000 | 01075nam a2200313 i 4500 | ||
|---|---|---|---|
| 003 | EG-GICUC | ||
| 005 | 20260428114058.0 | ||
| 008 | 260428s1929 -uk ||fr|||| 001 0 eng d | ||
| 040 |
_aEG-GiCUC _beng _cEG-GiCUC _dEG-GiCUC _erda |
||
| 041 | 0 | _aeng | |
| 082 | 0 | 4 |
_221 _a343.623 _bST . M |
| 092 | 0 | 4 | _221 |
| 099 | _aLaw1 10 343.623 ST . M 4 ed - 1929 | ||
| 100 | 1 |
_aStout, G. F. _eAuthor. |
|
| 245 | 1 | 0 |
_aManual Of Psychology / _cBy G. F. Stout, M.a. Camb. And Oxon., Ll.d. Aberdeen;Revised, In Collaboration With The Author, By C. A. Mace, M.a. Camb. |
| 250 | _aFourth Edition | ||
| 264 | 3 |
_aLondon : _bUniversity Tutorial Press, _c1929. |
|
| 300 |
_a684 pages, _c22 cm _b, |
||
| 336 |
_2rda content _atext |
||
| 337 |
_2rda media _aComputer |
||
| 338 |
_2rda carrier _aOnline Resource |
||
| 504 | _aIncludes bibliographical references and index. | ||
| 546 | _aText in English | ||
| 650 | 1 | 4 | _aCriminal law |
| 700 | 1 |
_aMace, C. A. _eContributor |
|
| 856 | 4 | 0 | _uhttps://fll.law.cu.edu.eg/fulltext/bks/B10-10996.pdf |
| 905 | _a48 | ||
| 942 |
_2ddc _cBK _e21 _n0 |
||
| 999 |
_c73849 _d73849 |
||